[Event "MK Cafe Cup-A"]
[Site "Koszalin"]
[Date "1999.08.03"]
[Round "1"]
[White "Sapis, Witalis"]
[Black "Lesiege, Alexandre"]
[Result "0-1"]
[WhiteElo "2429"]
[BlackElo "2553"]
[Annotator "Baburin,A"]
[PlyCount "102"]
[EventDate "1999.08.03"]
[EventType "swiss"]
[EventRounds "9"]
[EventCountry "POL"]
[SourceTitle "CBM 073"]
[Source "ChessBase"]
[SourceDate "1999.12.01"]
[SourceVersion "1"]
[SourceVersionDate "1999.12.01"]
[SourceQuality "1"]

1. d4 Nf6 2. c4 e6 3. Nf3 d5 4. cxd5 exd5 5. Nc3 c6 6. Qc2 Na6 7. Bg5 ({
If White prevents ...Nb4, the knight moves to c7 and then possibly to e6:} 7.
a3 Nc7 8. Bg5 g6 $1 9. e3 Bf5 10. Bd3 Bxd3 11. Qxd3 Be7 12. O-O O-O 13. b4 Ne4
14. Bf4 Nxc3 15. Qxc3 Bd6 16. Bxd6 Nb5 17. Qb3 Nxd6 18. a4 a6 19. Ne5 Re8 $15 {
Portisch-Kasparov, Skelleftea 1989.}) 7... Nb4 ({RR} 7... Be7 8. e3 Nb4 9. Qb1
g6 10. Qd1 Bf5 11. Rc1 a5 12. a3 Na6 13. Qb3 Qb8 14. Na4 O-O 15. Ne5 Rd8 16.
Be2 Kg7 17. O-O $14 {Vaganian-Rogozenko, Deutschland 1996.}) 8. Qd2 ({RR} 8.
Qb1 g6 9. Qd1 Bf5 10. Rc1 a5 11. a3 Na6 12. Qb3 Bc8 13. e4 Bg7 14. Bxf6 (14. e5
$5) 14... Bxf6 15. exd5 O-O 16. Be2 (16. Bxa6 $5 Rxa6 17. O-O) 16... Nc7 17.
dxc6 bxc6 $16 {Novikov-Franco, Saint Vincent 1999.}) 8... Bf5 9. Rc1 a5 (9...
Be7 10. Bxf6 Bxf6 11. e3 a5 12. a3 Na6 13. Bd3 Bxd3 14. Qxd3 O-O 15. O-O Nc7
$11 {Bagirov-Molander, Patras 1999.}) 10. a3 Na6 11. Qf4 $1 Bg6 12. Bxf6 Qxf6
13. Qxf6 gxf6 {White has got a favourable pawn structure. One possible plan
for him is to attack the g6-bishop with Nh4 and f2-f4.} 14. g3 $146 (14. e3 $1
Bd6 15. Bxa6 $5 (15. Nh4 $5 Nc7 16. f4 $1) 15... Rxa6 16. Nxd5 cxd5 17. Rc8+
Kd7 18. Rxh8 Rb6 19. b4 axb4 20. axb4 Rxb4 21. O-O b5 $13 {Dunnington-Haugli,
Gausdal 1987. Though White lost that game, I feel that his chances are higher
here.}) 14... Nb8 15. Bh3 b5 16. O-O b4 $5 17. Nxd5 $6 {This sacrifice is very
tempting, but it's not likely to work.} (17. axb4 $142 axb4 18. Nd1) 17... cxd5
18. Rc8+ Ke7 19. Nh4 (19. Rfc1 Bh6 $1) 19... Bg7 20. Rc7+ Kd6 21. Rfc1 f5 22.
e3 Ke6 23. Rb7 Ra6 $17 24. Rcc7 Bf6 25. Ng2 Bg5 26. Ne1 bxa3 27. bxa3 Kd6 28.
Rc5 Nd7 29. Rcc7 Rd8 30. Ra7 Rxa7 31. Rxa7 Rb8 32. Rxa5 Rb1 33. Kf1 Bd8 34. Ra8
Be7 35. Ke2 Bh5+ $1 36. f3 Rb2+ 37. Kf1 Bg6 38. Nd3 Rb3 39. Ke2 Nb6 40. Ra6 Kc7
41. Ra7+ Kd8 42. Ne5 Bxa3 43. Nxf7+ Ke8 44. Ne5 Nc4 45. Nd3 Rc3 46. Nf4 Rc2+
47. Kd3 Rd2+ 48. Kc3 Bb2+ 49. Kb4 Nxe3 50. Kb5 Bxd4 51. Ra4 Ke7 0-1

[Event "Mondariz zt 1.1"]
[Site "Mondariz"]
[Date "2000.09.10"]
[Round "7"]
[White "Comas Fabrego, Luis"]
[Black "Bellini, Fabio"]
[Result "1-0"]
[WhiteElo "2516"]
[BlackElo "2484"]
[Annotator "Baburin,A"]
[PlyCount "77"]
[EventDate "2000.09.03"]
[EventType "swiss"]
[EventRounds "11"]
[EventCountry "ESP"]
[SourceTitle "CBM 079"]
[Source "ChessBase"]
[SourceDate "2000.11.21"]
[SourceVersion "1"]
[SourceVersionDate "2000.11.21"]
[SourceQuality "1"]

1. d4 Nf6 2. c4 e6 3. Nc3 d5 4. cxd5 exd5 5. Bg5 c6 6. Qc2 {This move prevents
the line 6.e3 Bf5, where Black is doing quite OK at present. However, now
White has to deal with 6...Na6 and then either to allow ...Nb4 and possibly ...
Bf5 or spend a move on playing a2-a3.} Na6 7. e3 Nb4 8. Qd2 Bf5 9. Rc1 a5 10.
a3 Na6 11. Nge2 {This is the best try, as White must create problems to
Black's light-squared bishop. Other moves here are harmless.} (11. Bxa6 Rxa6
12. Nge2 Be7 13. Ng3 Be6 14. Na4 Nd7 15. Bxe7 Qxe7 16. O-O h5 17. e4 h4 $13 {
Zueger-King, Bern 1988.}) (11. Bd3 Bxd3 12. Qxd3 Be7 13. Nge2 (13. Nf3 O-O 14.
h4 Re8 15. Bxf6 Bxf6 16. Kf1 Nb8 17. g3 Nd7 18. Kg2 Be7 19. Na4 Nf6 {
Vyzmanavin-Ivanov, Elista 1995.}) 13... O-O 14. O-O Nd7 15. Bxe7 Qxe7 16. Ng3
Nb6 17. Rfe1 Nc7 18. e4 Qd7 19. e5 {1/2-1/2 Dokhoian-K.Georgiev, Igalo 1994.})
11... Bd6 {This is not the only move here, as other options are not bad either:
} (11... Nc7 12. Ng3 Bg6 13. Be2 Be7 14. O-O O-O 15. Na4 Nd7 16. Bxe7 Qxe7 17.
Nc5 Ra7 18. Nd3 $11 {Spassky-Szabo, Amsterdam 1956.}) (11... h6 12. Bf4 Nd7 $5
13. Ng3 Be6 14. e4 Nb6 15. exd5 Nxd5 16. Nxd5 Qxd5 $1 17. Bc4 Qxg2 18. Qe3
O-O-O 19. Bxe6+ fxe6 20. Qxe6+ Rd7 21. Qe8+ Rd8 22. Qe6+ {Kasparov-Ivanchuk,
Wijk aan Zee 1999o^}) 12. f3 Be7 $2 (12... h6 $5) 13. g4 $1 Be6 14. Nf4 {
White's position is better, as he enjoys more space and if Black ever goes for
...c6-c5, the b5-square might be weak.} Nb8 15. Bd3 Nbd7 16. Bh4 Bd6 17. Qf2
Qb8 18. Nce2 $5 {White does not rush with castling as he might attack with g-
and h-pawns if Black castles kingside too early.} h6 19. Nxe6 fxe6 20. Bg6+ Ke7
21. O-O {[%csl Re7]} Nf8 22. Bb1 g5 23. Bg3 h5 24. e4 $1 Bxg3 25. Nxg3 h4 26.
Ne2 N8d7 $6 27. e5 Nh7 28. f4 $18 {[%csl Re7]} Qg8 29. f5 Nhf8 30. Qe3 a4 31.
Qd2 Kd8 32. Qb4 Ra7 33. Nc3 h3 34. Nxa4 Rh4 35. Nc5 Rxg4+ 36. Kh1 Kc7 37. Nxe6+
Nxe6 38. Qd6+ Kc8 39. fxe6 1-0

[Event "Beersheba-Peterburg Kings m"]
[Site "St Petersburg"]
[Date "1999.06.05"]
[Round "1"]
[White "Avrukh, Boris"]
[Black "Lugovoi, Aleksei"]
[Result "1-0"]
[WhiteElo "2609"]
[BlackElo "2510"]
[Annotator "Baburin,A"]
[PlyCount "133"]
[EventDate "1999.06.??"]
[EventType "schev"]
[EventRounds "10"]
[EventCountry "RUS"]
[SourceTitle "CBM 072"]
[Source "ChessBase"]
[SourceDate "1999.10.01"]
[SourceVersion "1"]
[SourceVersionDate "1999.10.01"]
[SourceQuality "1"]

1. d4 Nf6 2. c4 e6 3. Nc3 d5 4. cxd5 exd5 5. Bg5 Be7 6. e3 O-O 7. Bd3 c6 8.
Nge2 Nbd7 9. O-O Re8 10. Qc2 Nf8 11. f3 g6 12. Rad1 (12. Kh1 Ne6 13. Bh4 Nh5 (
13... Ng7 $6 14. Bf2 c5 $2 15. dxc5 Bxc5 16. Bh4 $1 $16 Bxe3 17. Bxf6 Qxf6 18.
Nxd5 Qg5 19. Nc7 Bh3 20. Nc3 {1-0 Yakovich,Y-Baburin,A/Voronezh 1988/EXT 99 
(20)}) 14. Bf2 b6 $5 15. Rad1 Bb7 16. Qb1 a5 17. a3 Bd6 18. Rfe1 Qc7 19. Bg1
Qd8 20. Bf2 Qc7 21. Bg1 Qd8 {1/2-1/2 Yakovich,Y-Mukhametov,E/Kazan 1995/CBM 51
(21)}) 12... Ne6 13. Bh4 Nh5 (13... Ng7 14. e4 Be6 15. e5 Nd7 16. Bxe7 Qxe7 17.
f4 f6 18. b4 $36 {Shariyazdanov-Izmestiev, Perm 1993.}) 14. Bf2 f5 15. Kh1 (15.
e4 Nef4 16. e5 Nxd3 17. Qxd3 Ng7 $13) 15... Rf8 16. a3 $5 {As Black is
well-prepared for the e3-e4 break, White changes his plan and begins to grab
space on the queenside. The game enters the difficult phase of positional
manoeuvring, where chances remain approximately equal.} Neg7 17. b4 a6 (17...
a5 $5 18. b5 Bxa3 19. bxc6 bxc6 20. Nb1 $13) 18. Na4 Bd6 19. Qc3 Bc7 20. Nc5
Qd6 21. Bg1 Qe7 (21... b6 22. Nb3 {followed by Rc1 and a3-a4-a5.}) 22. Bc2 f4
23. Nxf4 (23. e4 Ng3+ 24. Nxg3 fxg3 $13) 23... Nxf4 24. exf4 Bxf4 25. Nd3 Bd6
26. Ne5 Bf5 27. Bb3 $5 {White prefers to keep the bishop, as otherwise Black's
knight, which is badly placed at the moment, would take a nice position on f5.}
Be6 28. Rde1 a5 29. bxa5 Qc7 30. a4 Qxa5 31. Qc1 Bf5 $6 32. g4 $1 Be6 33. Bc2
Qc3 34. Re3 Qa5 35. h3 c5 36. Rb3 Qc7 (36... Bxe5) (36... cxd4 37. Bxd4 Qxa4
38. Qe3 $44) 37. Qb2 Rab8 38. Rb6 cxd4 (38... Bxe5 $142 39. dxe5 d4 40. Be4 Rf7
41. Rc1 $1 $36) 39. Bxd4 Bc5 $2 {This allows White to get a minimal material
advantage.} 40. Bxc5 Qxc5 41. Nc6 $1 Rbe8 42. Rxb7 Rf7 43. Rb6 $6 ({After} 43.
Rxf7 $5 Bxf7 44. Nd4 Ne6 {it would be difficult for White to capitalise on his
extra pawn, as his king is rather exposed, but his decision to keep the rooks
on is very double-edged.}) 43... Qc4 44. Rf2 Qf4 45. Kg2 Nh5 $3 {I guess that
White missed this move in his early calculations. Now Black has more than
enough play for a pawn.} 46. Qe5 (46. gxh5 Qh4 $40) 46... Qh6 47. h4 Nf4+ 48.
Kg3 Qf8 49. Nd4 (49. Rb8 Bc8 50. Qb2 Qd6 51. Ne5 Rff8 $19) 49... Bxg4 50. Qd6
Qg7 51. Rb8 Rxb8 $4 {A gross mistake.} ({After the correct} 51... Nh5+ 52. Kg2
Rxb8 {Black is winning:} 53. Qxb8+ Rf8 54. Qb4 Qf6 $19) 52. Qxb8+ Rf8 53. Qxf8+
$1 Qxf8 54. fxg4 Qa3+ $2 {Yet another bad slip...} ({Black could still draw by
playing} 54... Qb4 $1 55. Rxf4 Qe1+ 56. Kf3 (56. Rf2 Qe5+ 57. Rf4 Qe1+ $11)
56... Qf1+ 57. Ke3 Qc1+ $11) 55. Kxf4 Qb4 56. Ke3 Qc3+ 57. Bd3 Qe1+ 58. Ne2 Qb4
59. Rf4 Qc5+ 60. Kf3 Qe7 61. g5 Qb7 62. Rd4 Qf7+ 63. Nf4 Qa7 64. Ne2 Qc5 65.
Ke3 Kf7 66. Kd2 Ke7 67. Bc2 1-0

[Event "Chigorin Memorial 07th"]
[Site "St Petersburg"]
[Date "1999.11.02"]
[Round "1"]
[White "Kruppa, Yuri"]
[Black "Faibisovich, Vadim Z"]
[Result "1-0"]
[WhiteElo "2603"]
[BlackElo "2400"]
[Annotator "Baburin,A"]
[PlyCount "81"]
[EventDate "1999.11.02"]
[EventType "swiss"]
[EventRounds "9"]
[EventCountry "RUS"]
[SourceTitle "CBM 074"]
[Source "ChessBase"]
[SourceDate "2000.02.01"]
[SourceVersion "1"]
[SourceVersionDate "2000.02.01"]
[SourceQuality "1"]

1. d4 d5 2. c4 e6 3. Nc3 Nf6 4. cxd5 exd5 5. Bg5 c6 6. Qc2 Na6 7. a3 ({Another
popular line here is} 7. e3 Nb4 8. Qd2 Bf5 9. Rc1) 7... Nc7 8. e3 Ne6 9. Bh4
Be7 10. Bd3 g6 {Because Black forced White to spend some time on the move
a2-a3, this old plan of exchanging the light-squared bishops is more
acceptable for him.} 11. Nge2 Ng7 12. f3 $1 {[%mdl 8] White is now prepared to
meet ...Bf5 with e3-e4 and ...Nf5 with Bf2.} O-O 13. O-O Nf5 $6 ({After} 13...
Re8 14. Bf2 a6 15. Rad1 Be6 16. h3 Rc8 17. Na4 Nd7 18. e4 {White zeised
initiative in the game Huzman-Bruk, Tel Aviv 1999:} dxe4 19. fxe4 Bh4 20. Bxh4
Qxh4 21. Nf4 Nh5 22. Nxh5 Qxh5 23. Nc3 Qg5 24. Kh2 f6 25. b4 Rcd8 26. Qf2 Rf8
27. Ne2 Kh8 28. Nf4) 14. Bf2 c5 15. dxc5 Bxc5 16. Bxf5 $1 Bxf5 17. Qd2 (17. e4
$6 Bxf2+ 18. Rxf2 dxe4 19. fxe4 Be6 $11) 17... Re8 18. Rfe1 Qd7 19. Rad1 {
White enjoys a considerable positional advantage here, as in this position the
isolated d-pawn causes Black troubles without bringing him much benefits.
Playing against the isolani is generally advisable to get rid of opponent's
knights, leaving him with bishops - this is exactly what White did on move 16.}
Rad8 20. Nd4 h6 {Black plans to meet Bh4 with ...g5.} 21. Rc1 Bb6 22. Nxf5 gxf5
$2 ({This is positional capitulation - Black had to take with a queen:} 22...
Qxf5) 23. Ne2 Re5 24. Nd4 Nh5 25. Rcd1 Rde8 26. g3 Ng7 27. Kg2 Ne6 28. Ne2 f4
$2 29. exf4 Bxf2 30. Kxf2 $18 Rh5 31. g4 Rxh2+ 32. Kg3 Rxe2 33. Rxe2 Rd8 34.
Re5 d4 35. Qd3 Qd6 36. Qf5 Kg7 37. Re4 d3 38. Qe5+ Qxe5 39. Rxe5 Nd4 40. Kf2
Ne6 41. Ke3 1-0

[Event "RUS-chT 07th"]
[Site "Smolensk"]
[Date "2000.04.19"]
[Round "5"]
[White "Sakaev, Konstantin"]
[Black "Nikitin, Andrey"]
[Result "1-0"]
[WhiteElo "2629"]
[BlackElo "2400"]
[Annotator "Baburin,A"]
[PlyCount "169"]
[EventDate "2000.04.15"]
[EventType "team-tourn"]
[EventRounds "11"]
[EventCountry "RUS"]
[SourceTitle "CBM 077"]
[Source "ChessBase"]
[SourceDate "2000.07.27"]
[SourceVersion "1"]
[SourceVersionDate "2000.07.27"]
[SourceQuality "1"]
[WhiteTeam "Sankt Petersburg Chess Federation"]
[BlackTeam "Tomsk Politekhnik-Yantar"]
[WhiteTeamCountry "RUS"]
[BlackTeamCountry "RUS"]

1. d4 Nf6 2. c4 e6 3. Nc3 d5 4. cxd5 exd5 5. Bg5 Be7 6. e3 c6 7. Bd3 Nbd7 8.
Qc2 O-O 9. Nge2 Re8 10. O-O Nf8 11. f3 g6 12. Kh1 Ne6 13. Bh4 b6 $146 {
Sometimes Black play like this against the system with Nge2 and f2-f3. Still,
White's chances remain better, as make a few preparatory moves and then choose
between a plan with e3-e4 or even with f3-f4.} 14. Rad1 Bb7 15. Qc1 $5 {
White protects the e3-square, preparing for e3-e4 break, after which Black
often has ...dxe4, fxe4 Ng4.} Nh5 16. Bxe7 Qxe7 17. e4 dxe4 18. fxe4 Rad8 19.
Bc4 $16 {White is ready to play e4-e5followed by Nc3-e4, aiming to occupy the
d6-square. So, Black tries to upset this plan:} b5 20. Bb3 b4 21. Na4 Ba6 22.
Bc4 Bb5 23. b3 Qh4 (23... Nf6 $5) 24. Qe3 Bxc4 25. bxc4 Ng5 26. e5 f6 27. Nf4
$1 fxe5 28. Nxh5 Qxh5 29. d5 cxd5 30. cxd5 $16 {White has more than enough for
a pawn: his passer can become dangerous, Black's pieces are uncoordinated and
his king is a bit weak. It's always easier to play such positions for the side,
which has the initiative.} Qg4 31. h3 Qh4 32. Nc5 e4 33. d6 Nf3 $2 {Black
desperately tries to do something about his queen and knight. However, this
attempt is doomed.} 34. Qb3+ Kh8 35. Qb2+ Kg8 36. Qb3+ Kh8 37. d7 Re7 38. Qb2+
Kg8 39. Qb3+ Kh8 40. Qb2+ Kg8 41. gxf3 e3 42. Rde1 Qxh3+ 43. Qh2 Qf5 44. Ne4
Rexd7 45. Rxe3 a5 46. Qh4 Rf8 47. Ng5 Qf4 48. Qxf4 Rxf4 49. Rc1 Rf8 50. Kg2 a4
51. Kg3 Rb8 52. Ne4 Rdb7 53. Rc2 b3 54. axb3 Rxb3 55. Ree2 Rf8 56. Rf2 a3 57.
Rc4 h6 58. Ra4 Kg7 59. Nd2 Rd3 60. Nb1 g5 61. Rxa3 Rxa3 62. Nxa3 h5 63. Nc4 Kg6
64. Ra2 Rf6 65. Ne5+ Kh6 66. Ra4 Re6 67. Ra5 Rf6 68. Nd3 Kg6 69. Nf2 Rf5 70.
Ra8 Kg7 71. Ne4 Rb5 72. Ra6 Rf5 73. Rc6 Ra5 74. Kf2 g4 75. f4 h4 76. Ng5 Ra2+
77. Ke3 Ra3+ 78. Ke4 h3 79. Kf5 h2 80. Rc7+ Kg8 81. Rc8+ Kg7 82. Ne6+ Kh7 83.
Rc7+ Kh6 84. Nf8 Ra5+ 85. Kxg4 1-0

[Event "Penta Media GM"]
[Site "Kelamabakkam"]
[Date "2000.08.26"]
[Round "12"]
[White "Vladimirov, Yevgeniy"]
[Black "Barua, Dibyendu"]
[Result "1-0"]
[WhiteElo "2598"]
[BlackElo "2502"]
[Annotator "Baburin,A"]
[PlyCount "111"]
[EventDate "2000.08.14"]
[EventType "tourn"]
[EventRounds "12"]
[EventCountry "IND"]
[EventCategory "11"]
[SourceTitle "CBM 079"]
[Source "ChessBase"]
[SourceDate "2000.11.21"]
[SourceVersion "1"]
[SourceVersionDate "2000.11.21"]
[SourceQuality "1"]

1. d4 d5 2. c4 e6 3. Nc3 Nf6 4. cxd5 exd5 5. Bg5 c6 6. Qc2 Be7 7. e3 O-O 8. Bd3
Nbd7 9. Nge2 Re8 10. O-O-O Nf8 11. h3 {This line is a speciality of GM Evgeny
Vladimirov. White is preparing for the kingside attack.} Qa5 {This is a rare
move. Usually here Black tries to advance the a-pawn or both a- and b- pawns.
Another plane is ...Be6 and ...c5, but with White's knight on e2 rather than
on f3 Black may have more problems with the d5-pawn then.} (11... a5 12. g4 a4
(12... b5 13. Ng3 Be6 14. Nf5 Bxf5 15. gxf5 N8d7 16. Rhg1 Kh8 17. f3 b4 18. Na4
h6 19. h4 c5 20. Qg2 Rg8 21. Nxc5 Nxc5 22. dxc5 Bxc5 23. Kb1 Qb6 24. Rge1 $13 {
Bareev-Grosar, Ljublana Portoroz 1989.}) 13. Nxa4 b5 14. Nac3 N6d7 15. Bxe7
Rxe7 16. Kb1 Nb6 17. Nc1 Nc4 18. e4 b4 19. Na4 b3 20. axb3 Na5 21. b4 Nb7 22.
e5 $18 {Vladimirov-Panchenko, Irkutsk 1983.}) (11... b5 12. Kb1 a5 13. g4 a4
14. Ng3 Qa5 15. Nce2 Bd7 (15... b4 16. Qxc6 Bd7 17. Qc1 Ne6 18. Bxf6 Bxf6 19.
Qd2 g6 20. h4 Bg7 21. g5 Qb6 22. f4 $16 {Vladimirov-van der Sterren, Ostend
1990.}) (15... Ra6 16. Nh5 Ne4 17. Bxe7 Rxe7 18. Bxe4 Rxe4 19. Neg3 Re7 20. Nf5
Bxf5 21. gxf5 f6 22. Rhg1 Rf7 23. Rc1 Qd8 24. Qe2 Qd6 25. Nf4 Re7 26. Qc2 Rb6
27. Nd3 Nd7 28. Rg4 Rf7 29. f3 Re7 30. Qf2 Rb8 31. Rcg1 Nf8 32. Nc5 Rc8 33. e4
Kh8 34. Qd2 dxe4 35. fxe4 Rd8 36. Rd1 Rde8 37. Qf2 Rf7 38. Rgg1 Nd7 39. Ne6 Nf8
40. Nc5 Nd7 41. Ne6 Nf8 42. d5 cxd5 43. exd5 a3 44. Qg3 Qxg3 45. Rxg3 axb2 46.
d6 Nd7 47. Rc3 g6 48. Rc7 Kg8 49. Rd2 gxf5 50. Rg2+ Kh8 51. Nc5 Ne5 52. d7 Rd8
53. Rd2 h6 54. Rc8 Rff8 55. Rxd8 Rxd8 56. Rf2 Nxd7 57. Rd2 f4 58. Nxd7 f3 59.
Kxb2 Kg7 60. Rd6 f2 61. Rxf6 {1/2-1/2 Vladimirov,E-Polovodin,I/Moscow 1994/CBM
45 ext (61)}) 16. Nf5 Bxf5 17. gxf5 Rac8 18. Rhg1 Kh8 19. f3 c5 20. Nf4 N8d7
21. Qg2 Rg8 $13 {Vladimirov-Baburin, Leningrad 1989.}) 12. Kb1 Ne4 13. Bxe7
Nxc3+ 14. Qxc3 Qxc3 15. Nxc3 Rxe7 16. b4 $1 {It does not matter that White
pushes pawns from his own king - the king is safe, while the minority attack
is still a valid plan.} b5 {I am reluctant to call it a mistake, but this move
has serious risk - now Black has permanent weaknesses on the queenside.} 17. a4
a6 18. a5 Ne6 19. Ne2 Bd7 20. Rc1 g6 (20... Nc7 $5 {with the idea ...Nc7-e8-d6.
}) 21. h4 $1 {Probing the kingside too.} h5 {Now Black's pawn formation
becomes fixed. Perhaps Black should have restrained from this move, although
then White would have played h4-h5 himself and then maybe doubled on the
h-file.} 22. Ng1 $1 {[%csl Re5]} Kg7 23. Nf3 f6 {[%csl Rg6]} 24. Nd2 Rae8 25.
Nb3 Nd8 26. Nc5 Bc8 27. Kc2 Ne6 28. Nb3 $1 {White has more space and thus
should not exchange pieces without a good reason.} f5 {Black is preventing
f2-f3 and e3-e4, but he is weakening the dark squares.} 29. g3 Rf8 30. Kd2 Bd7
31. Be2 Rf6 32. Rc2 Nd8 {This move would be forced sooner or later - after Bf3
and Rhc1 White would be able to take on c6 otherwise.} 33. Nc5 Bc8 34. Nd3 Nf7
35. Rhc1 Bd7 36. Ke1 Kf8 $2 {Black errs. It would be interesting to see how
Vladimirov would have broken otherwise. He obviously had good chances, but it
won't be easy.} 37. Nc5 Bc8 38. Nxa6 $1 {Nice touch!} Bxa6 39. Rxc6 Ree6 40.
R6c5 Nd6 41. Rxd5 f4 42. gxf4 Nf5 43. Bxb5 $18 Nxh4 44. Bxa6 Rxa6 45. Rd7 Rf7
46. Rxf7+ Kxf7 47. Ra1 Nf5 48. b5 Ra8 49. b6 Nd6 50. a6 Ke6 51. a7 h4 52. Kf1
h3 53. Kg1 Kd5 54. Rc1 Ke4 55. Rc6 Nf5 56. b7 1-0

[Event "RUS-chT 07th"]
[Site "Smolensk"]
[Date "2000.04.23"]
[Round "9"]
[White "Malaniuk, Vladimir P"]
[Black "Shabanov, Yuri"]
[Result "1-0"]
[WhiteElo "2572"]
[BlackElo "2477"]
[Annotator "Baburin,A"]
[PlyCount "103"]
[EventDate "2000.04.15"]
[EventType "team-tourn"]
[EventRounds "11"]
[EventCountry "RUS"]
[SourceTitle "CBM 077"]
[Source "ChessBase"]
[SourceDate "2000.07.27"]
[SourceVersion "1"]
[SourceVersionDate "2000.07.27"]
[SourceQuality "1"]
[WhiteTeam "Maykop Universitet"]
[BlackTeam "Moscow Phoenix"]
[WhiteTeamCountry "RUS"]
[BlackTeamCountry "RUS"]

1. c4 Nf6 2. Nc3 e6 3. d4 d5 4. cxd5 exd5 5. Bg5 Be7 6. e3 c6 7. Qc2 Nbd7 8.
Bd3 O-O 9. Nge2 Re8 10. O-O Nf8 11. f3 Be6 12. Bh4 ({RR} 12. Kh1 Rc8 13. Rad1
Ng6 14. e4 dxe4 15. fxe4 Ng4 16. Bc1 c5 17. e5 cxd4 18. Nxd4 Qxd4 19. Bxg6 Qxe5
20. Bf4 Qc5 21. Bxh7+ Kh8 22. Be4 Rcd8 23. Rc1 Bd6 24. Qd2 Bxf4 25. Qxf4 Qe5
$11 {Sadler-Asrian, Las Vegas 1999.}) 12... Rc8 13. Rad1 a6 $146 ({RR} 13... b5
14. Bf2 a6 15. e4 dxe4 16. Nxe4 Nxe4 17. fxe4 Bg4 18. e5 Bh5 19. Bf5 Bg6 20.
Ng3 Qd5 21. a3 Ne6 $11 {Ippolito-L.Portisch, Linares 2000.}) 14. Bf2 c5 15.
dxc5 Bxc5 {This one quite common transformation of the pawn structure in this
line. If Black does not have immediate problems with the d5-pawn, he might get
reasonable play. Of course, for a usual position with the isolated d-pawn
Black's knight on f8 is somewhat misplaced, but White's pieces are also not
placed typically.} 16. Qb1 Qe7 17. Nd4 Rcd8 18. Bc2 $5 Ng6 19. Ba4 Rf8 20. Bb3
Bb4 21. Nce2 Rc8 22. Nf4 $5 {White offers to change the pawn structure.} Nxf4
23. exf4 Qc7 24. Nxe6 fxe6 25. f5 $1 exf5 26. Qxf5 Rcd8 27. Rc1 Qd7 28. Qxd7
Rxd7 29. Rfd1 $16 {White has a pleasant edge.} Bd6 30. Bd4 Bf4 31. Rc2 Kf7 32.
g3 Bb8 33. Bb6 Rh8 34. Kg2 h5 35. h4 Rh6 36. Rc8 Be5 37. Rd2 Rg6 38. Bf2 Rh6
39. Kh3 Bc7 40. Ba4 $5 b5 41. Bb3 Ba5 42. Rd3 Bd8 43. Ra8 Be7 44. Be3 Rh7 45.
Rxa6 $18 Rh8 46. Rb6 b4 47. Bd2 Rc8 48. Kg2 Bc5 49. Rb5 Re7 50. Rxc5 Re2+ 51.
Kf1 Rxd2 52. Rxc8 1-0

[Event "SUI-ch"]
[Site "Pontresina"]
[Date "2000.07.19"]
[Round "7"]
[White "Nemet, Ivan"]
[Black "Kaenel, Hansjuerg"]
[Result "1/2-1/2"]
[WhiteElo "2412"]
[BlackElo "2452"]
[Annotator "Baburin,A"]
[PlyCount "87"]
[EventDate "2000.07.13"]
[EventType "tourn"]
[EventRounds "9"]
[EventCountry "SUI"]
[EventCategory "9"]
[SourceTitle "CBM 079"]
[Source "ChessBase"]
[SourceDate "2000.11.21"]
[SourceVersion "1"]
[SourceVersionDate "2000.11.21"]
[SourceQuality "1"]

1. d4 d5 2. Nf3 Nf6 3. c4 e6 4. Nc3 c6 5. Bg5 Nbd7 6. cxd5 exd5 7. e3 Be7 8.
Qc2 O-O 9. Bd3 Re8 10. O-O Nf8 11. h3 Nh5 12. Bxe7 Qxe7 13. Rab1 a5 14. a3 Nf6
15. b4 axb4 16. axb4 Ne4 17. b5 Nxc3 18. Qxc3 Bd7 19. bxc6 (19. Ne5 c5) 19...
Bxc6 {White has reached a dream position of the side playing the minority
attack - both the bb7- and d5-pawns are isolated and may come under serious
pressure. A good technician would anticipate a long squeeze here, but in this
game GM Nemet was not up to the task, letting Black off the hook.} 20. Bb5 $6 {
This is very typical for such positions - Black's bishop is passive, but it
protects the weak pawns. In principle, the idea to exchange the bishop is
sensible, but perhaps White should not have rushed implementing it.} (20. Rfc1
$5) (20. Ne5 $5) 20... Rec8 21. Bxc6 bxc6 22. Rfc1 Ne6 23. Qb4 $6 {White
already let some advantage go, but this exchange makes Black's defence even
easier. The point is that now Black can bring his king to protect the c6-pawn
pawn if necessary. Having just one target to attack is usually not enough to
win the game!} Qxb4 24. Rxb4 c5 25. dxc5 Rxc5 26. Rxc5 Nxc5 27. Rb5 Rc8 28. Nd4
g6 29. g4 Kf8 30. g5 Kg7 31. h4 h6 32. Kg2 hxg5 33. hxg5 Kf8 34. f3 Ke7 35. Kg3
Rc7 36. Kg4 Kd6 37. Rb6+ Ke7 38. Nc6+ Kf8 39. Ne5 Re7 40. f4 Nd7 41. Nxd7+ Rxd7
42. Kf3 Ke7 43. Ke2 d4 44. exd4 1/2-1/2